| 000 | 01128nam a22003137a 4500 | ||
|---|---|---|---|
| 999 |
_c14887 _d14887 |
||
| 008 | 200130b ||||| |||| 00| 0 eng d | ||
| 020 | _a978-621-406-186-0 | ||
| 082 |
_22018 _aDFil 370.76 _bAr53 |
||
| 100 |
_aCadiz, Arlon P. _941345 |
||
| 245 |
_aReviewer licensure examination for teachers : _bGeneral education (elementary & secondary) _cArlon P. Cadiz [and 13 others] |
||
| 260 |
_aManila: _bMindshapers Co., Inc., _c©2018 |
||
| 300 |
_aiv, 89 pages; _c26 cm. |
||
| 650 | _2Education -- Examinations. | ||
| 700 |
_aErrabo, Denis Dyvee _941346 |
||
| 700 |
_aJuan, Ivan Hubert C. _941347 |
||
| 700 |
_aNg, Genesis Love _941348 |
||
| 700 |
_aViloria, Erika Stephanie R. _941349 |
||
| 700 |
_aAgustin, Silverio _941350 |
||
| 700 |
_aAcebedo, Ivory T. _941351 |
||
| 700 |
_aRaymundo, Serafin SD., II _941352 |
||
| 700 |
_aVerdadero, Sheryl S. _941353 |
||
| 700 |
_aReambillo, Zia Denise C. _941354 |
||
| 700 |
_aFerrer, Ernesto G., Jr. _941355 |
||
| 700 |
_aAquino, Danilo M., Jr. _941356 |
||
| 700 |
_aQuebral, Gio Gabriel _941357 |
||
| 700 |
_aChua, Rowena B. _941358 |
||
| 365 |
_b525.00 _cPhp |
||
| 942 |
_2ddc _cDFIL |
||